| 000 | 00709cam a22002054a 4500 | ||
|---|---|---|---|
| 001 | 13738150 | ||
| 005 | 20250617133321.0 | ||
| 008 | 041001s2004 miua b 010 0 eng | ||
| 020 | _a0802828574 (cloth : alk. paper) | ||
| 050 | 0 | 0 |
_aBR50 _b.L68 2004 |
| 082 | 0 | 0 |
_a230 _222 |
| 245 | 0 | 0 |
_aLoving God with our minds : _bthe pastor as theologian : essays in honor of Wallace M. Alston / _cedited by Michael Welker and Cynthia A. Jarvis. |
| 260 |
_aGrand Rapids, Mich. : _bW.B. Eerdmans Pub. Co., _cc2004. |
||
| 300 |
_axiii, 383 p. : _bill. ; _c25 cm. |
||
| 650 | 0 | _aTheology. | |
| 700 | 1 |
_aAlston, Wallace M., _d1934- |
|
| 700 | 1 |
_aWelker, Michael, _d1947- |
|
| 700 | 1 | _aJarvis, Cynthia A. | |
| 942 |
_2lcc _cBK _n0 |
||
| 999 |
_c6551 _d6551 |
||